Estadísticas para Personajes de dibujos animados #3

Haz click aquí para intentar la prueba.

Estadísticas generales

  • Esta prueba ha sido intentada 108 veces
  • La puntuación promedio es 14 de 24

Estadísticas de respuestas

Respuesta% Correcto
Pikachu
99%
Jerry
98%
Ferb
91%
Arenita
90%
Pato Lucas
90%
Coyote
85%
Maggie
84%
Pétalo
70%
Timmy Turner
67%
Rey Hielo
66%
George
61%
Pardo
61%
Fanboy
60%
Sisuka
59%
BMO
49%
Mandy
45%
Private
45%
Clarence
44%
Stewie
41%
Brian
34%
Richard
34%
Aelita
28%
Korra
22%
Layla
15%

Distribución de puntuación

Porcentaje por número respondido

Porcentaje de gente con cada puntuación

Historial de tus puntuaciones

No has intentado esta prueba.